[Event "V Open Semana Santa Alicante 2021"]
[Site "Alicante"]
[Date "2021.03.31"]
[Round "1.10"]
[White "Martinez Reyes, Pedro Ramon"]
[Black "Costa Iniesta, Prudencio"]
[Result "1-0"]
[WhiteElo "2427"]
[BlackElo "1846"]
[Annotator "NA"]
[PlyCount "53"]
[EventDate "2021.03.31"]
[EventType "swiss"]
[EventCountry "ESP"]
[SourceTitle "playchess.com"]
[Source "ChessBase"]
[SourceQuality "1"]
[TimeControl "5400+30"]

1. e4 {[%emt 0:02:25]} e6 {[%emt 0:00:00]} 2. d4 {[%emt 0:00:07]} d5 {[%emt 0:00:00]} 3. Nd2 {[%emt 0:00:03]} c5 {[%emt 0:00:10]} 4. exd5 {[%emt 0:00:13]} exd5 {[%emt 0:00:10]} 5. Ngf3 {[%emt 0:00:05]} Nf6 {[%emt 0:01:02]} 6. Bb5+ {[%emt 0:00:11]} Bd7 {[%emt 0:00:28]} 7. Qe2+ {[%emt 0:00:15]} Qe7 {[%emt 0:02:24]} 8. O-O {[%emt 0:00:19]} Qxe2 {[%emt 0:01:44]} 9. Bxe2 {[%emt 0:00:01]} Nc6 {[%emt 0:03:13]} 10. Re1 {[%emt 0:00:22]} O-O-O {[%emt 0:04:57]} 11. dxc5 {[%emt 0:02:35]} Bxc5 {[%emt 0:00:24]} 12. Nb3 {[%emt 0:00:05]} Bb6 {[%emt 0:00:29]} 13. Bg5 {[%emt 0:07:36]} Ne4 {[%emt 0:05:52]} 14. Be3 {[%emt 0:03:35]} Bxe3 {[%emt 0:02:26]} 15. fxe3 {[%emt 0:00:02]} g5 {[%emt 0:01:45]} 16. Bd3 {[%emt 0:01:27]} g4 {[%emt 0:02:09]} 17. Bxe4 {[%emt 0:01:04]} dxe4 {[%emt 0:00:19]} 18. Ng5 {[%emt 0:00:37]} Rhg8 {[%emt 0:02:35]} 19. Nxf7 {[%emt 0:00:51]} Rdf8 {[%emt 0:00:34]} 20. Nd6+ {[%emt 0:00:26]} Kb8 {[%emt 0:01:08]} 21. Rf1 {[%emt 0:02:18]} Ne5 {[%emt 0:01:48]} 22. Nxe4 {[%emt 0:01:57]} Nf3+ {[%emt 0:14:41]} 23. gxf3 {[%emt 0:00:51]} gxf3+ {[%emt 0:00:33]} 24. Ng3 {[%emt 0:00:03]} Bh3 {[%emt 0:00:47]} 25. Nd4 {[%emt 0:03:16]} Bxf1 {[%emt 0:02:59]} 26. Rxf1 {[%emt 0:00:10]} h5 {[%emt 0:00:46]} 27. Rxf3 {[%emt 0:00:09]} 1-0

[Event "V Open Semana Santa Alicante 2021"]
[Site "Alicante"]
[Date "2021.04.01"]
[Round "2.1"]
[White "Santos Ruiz, Miguel"]
[Black "Rodriguez Redondo, Adhara"]
[Result "1-0"]
[WhiteElo "2592"]
[BlackElo "2134"]
[Annotator "TA"]
[PlyCount "65"]
[EventDate "2021.03.31"]
[EventType "swiss"]
[EventCountry "ESP"]
[SourceTitle "playchess.com"]
[Source "ChessBase"]
[SourceQuality "1"]

{[%evp 20,65,18,22,43,25,53,66,95,89,56,41,87,54,104,74,208,211,200,208,164,167,160,163,168,158,163,169,163,158,185,154,183,152,186,182,194,158,242,149,173,97,504,491,462,333,352,338]} 1. c4 e6 2. Nf3 d5 3. e3 Nf6 4. Nc3 Be7 5. b3 O-O 6. Bb2 b6 7. cxd5 exd5 8. d4 Bb7 9. Bd3 Nbd7 10. O-O Ne4 11. Rc1 c5 {E14: Queen's Indian: Classical Variation (4 e3).} 12. Qc2 $5 {[%cal Rc3e4][%mdl 4] A promising side line.} Ndf6 13. Rfd1 cxd4 {White is slightly better.} 14. Nxd4 {Black must now prevent Nxe4.} Rc8 15. Qe2 {[#]} Nd6 $146 ({Predecessor:} 15... Nxc3 16. Bxc3 g6 17. Rc2 Qd7 18. Nf3 Qg4 19. h3 Qe6 20. Nd4 Qd7 21. Nf3 Qe6 {1-0 (38) Saiyn,Z (2074)-Alpysbayeva,A (1971) Pavlodar 2010}) 16. Qf3 Rc7 17. Qg3 Qd7 {[#]} (17... g6 $16 {was necessary.}) 18. Nf5 $1 $18 {[%mdl 512]} Nxf5 19. Bxf5 Qd6 {[#]} 20. Nxd5 $1 {[%mdl 576] Discovered Attack} Rxc1 {[%cal Rc1d1]} 21. Nxe7+ $40 {[%mdl 128] White has strong attack.} Qxe7 {[%cal Rc1d1]} 22. Rxc1 {And now Rc7 would win.} Rd8 23. h3 {Rc7 is the strong threat.} Ne8 24. Qf4 f6 25. Bd4 Bd5 26. Qh4 g6 27. Bd3 Kg7 28. Bb5 {Hoping for Bxe8.} Rd6 (28... h6 $16 29. Bd3 Bf7) 29. Rc8 Bf7 30. Qf4 (30. Ra8 $18) 30... Re6 $2 {[%mdl 8192]} (30... Rxd4 $16 {is more resistant.} 31. Qxd4 (31. exd4 Nd6 $11) 31... Nd6) 31. Bxe8 Bxe8 32. Rc7 Bd7 33. Rxa7 {Weighted Error Value: White=0.19/Black=0.55} 1-0

[Event "V Open Semana Santa Alicante 2021"]
[Site "Alicante"]
[Date "2021.04.01"]
[Round "2.2"]
[White "Cesar Maestre, Bernardo"]
[Black "Yuffa, Daniil"]
[Result "0-1"]
[WhiteElo "2163"]
[BlackElo "2584"]
[Annotator "TA"]
[PlyCount "86"]
[EventDate "2021.03.31"]
[EventType "swiss"]
[EventCountry "ESP"]
[SourceTitle "playchess.com"]
[Source "ChessBase"]
[SourceQuality "1"]

{[%evp 12,86,33,19,28,19,18,18,28,24,18,-14,-29,-33,0,0,0,-6,0,-68,-72,-66,-64,-80,-87,-64,-77,-54,-51,-120,-122,-108,-124,-109,-102,-124,-95,-245,-223,-435,-430,-425,-410,-398,-405,-397,-405,-396,-389,-507,-326,-286,-331,-328,-324,-420,-279,-331,-339,-363,-356,-454,-437,-589,-581,-590,-589,-578,-569,-575,-400,-439,-416,-683,-657,-877,-873]} 1. e4 c6 2. Nc3 d5 3. Nf3 Bg4 4. h3 Bxf3 5. Qxf3 e6 6. d3 Nf6 7. Bd2 Qb6 $1 {[%mdl 4] is currently scoring better than 7...Nbd7. B11: Caro-Kann: Two Knights Variation.} 8. O-O-O d4 9. Ne2 c5 {The position is equal.} 10. g4 Nc6 11. Qg3 c4 {Threatens to win with ...c3!} 12. c3 {[#]} Rc8 $146 ({Predecessor:} 12... Qa6 13. cxd4 Qxa2 14. Bc3 Nb4 15. g5 Qa4 16. Bxb4 Qa1+ 17. Kc2 Qa4+ 18. Kc1 {½-½ (18) Massironi,M (2082)-Borroni,E (1908) Corsico 2003}) 13. Kb1 Bc5 14. f4 O-O (14... cxd3 {is more complex.} 15. Qxd3 O-O 16. cxd4 Nxd4 17. Bc3 Nb5) 15. g5 (15. e5 $11 cxd3 16. exf6 dxe2 17. Bxe2) 15... Nh5 $15 16. Qf3 cxd3 $1 $40 {[%mdl 128] Black mounts an attack.} 17. Nc1 ({Not} 17. Qxh5 $2 Ba3 $19) 17... dxc3 18. Bxc3 g6 19. Bxd3 Rfd8 20. Bc2 {[#]} (20. Ne2 $15) 20... Bd4 $1 $17 {[%cal Rd4c3] Hoping for ...Bxc3.} 21. Bb3 Bxc3 22. bxc3 a5 {...a4 is the strong threat.} 23. Ka1 Qc5 24. Rhf1 {Loses the game.} (24. Ne2 $17 {was worth a try.}) 24... b5 25. Qf2 $2 {[#]} (25. Rxd8+ Rxd8 26. Rd1) 25... Qxc3+ $19 26. Qb2 Qxh3 27. f5 Rxd1 28. Rxd1 gxf5 29. exf5 Qxf5 30. Rh1 Nf4 31. Bc2 Qe5 32. Bxh7+ Kg7 33. Be4 Qxb2+ 34. Kxb2 Ne5 35. Nb3 a4 36. Nc1 b4 37. Rd1 Nc4+ 38. Ka1 Ne3 39. Rh1 Rc5 40. Rg1 Nh3 41. Re1 Nxg5 42. Rxe3 (42. Bb1 $142) 42... Rxc1+ 43. Kb2 Rc3 {Weighted Error Value: White=0.44/Black=0.17} 0-1

[Event "V Open Semana Santa Alicante 2021"]
[Site "Alicante"]
[Date "2021.04.01"]
[Round "2.3"]
[White "Narciso Dublan, Marc"]
[Black "Aymerich Rosell, Pablo"]
[Result "1-0"]
[WhiteElo "2521"]
[BlackElo "2126"]
[Annotator "TA"]
[PlyCount "65"]
[EventDate "2021.03.31"]
[EventType "swiss"]
[EventCountry "ESP"]
[SourceTitle "playchess.com"]
[Source "ChessBase"]
[SourceQuality "1"]

{[%evp 9,65,-10,-7,-2,28,18,37,24,52,32,54,29,80,76,75,67,79,55,83,81,95,93,201,204,211,208,211,211,208,198,208,158,161,154,220,147,170,165,431,414,398,394,583,568,1135,1126,1126,1106,985,508,956,981,972,955,1172,1066,960,960]} 1. e4 c5 2. Be2 Nc6 3. f4 d5 4. d3 dxe4 5. dxe4 Qxd1+ 6. Bxd1 {B21: Sicilian: 2 f4 and Morra Gambit.} Bd7 7. Nf3 {[#]} O-O-O $146 ({Predecessor:} 7... g6 8. c3 Bg7 9. Be3 b6 10. Nbd2 Nf6 11. h3 O-O 12. g4 Ne8 13. Bc2 Rc8 {½-½ (38) Kovalev,V (2546)-Lewtak,D (2338) Krakow 2015}) 8. Be3 {White is slightly better.} Nf6 9. Nbd2 e6 10. h3 h5 (10... b6 $11) 11. c3 Be7 12. Bc2 Kb8 13. Bf2 g6 14. O-O-O b6 15. Nc4 Bc8 {[#]} (15... Rhf8 $16) 16. Nce5 $1 $18 {[%cal Re5c6]} Nxe5 17. Nxe5 {Threatens to win with Nc6+.} ({Worse is} 17. fxe5 Rxd1+ 18. Rxd1 Nd7 $11) 17... Bb7 18. Nxf7 Rxd1+ 19. Rxd1 Rf8 20. Ng5 e5 21. Bg3 h4 (21... exf4 $16 {might work better.} 22. Bxf4+ Kc8) 22. Bh2 ({Weaker is} 22. fxe5 hxg3 23. exf6 Rxf6 $14) 22... Nh5 {[#]} 23. Ne6 {[%cal Re6f8]} Rf6 (23... Rg8 24. fxe5 Ng3 25. Bxg3 hxg3) 24. f5 Ng3 {[%cal Rg6f5]} 25. Rd7 Rf7 (25... gxf5 $142 26. Rxe7 Bxe4) 26. fxg6 {White is clearly winning.} Bg5+ 27. Nxg5 Rxd7 28. Bxg3 hxg3 {KRB-KBN} 29. Ne6 Ba6 (29... Bc8 $142 30. g7 Rxg7 31. Nxg7 Bxh3) 30. g7 Rxg7 31. Nxg7 Bf1 32. Nf5 Bxg2 33. h4 {Weighted Error Value: White=0.31/Black=0.45} 1-0

[Event "V Open Semana Santa Alicante 2021"]
[Site "Alicante"]
[Date "2021.04.01"]
[Round "2.4"]
[White "Cuenca Jimenez, Francisco Javier"]
[Black "Del Rio De Angelis, Salvador G."]
[Result "0-1"]
[WhiteElo "2137"]
[BlackElo "2510"]
[Annotator "TA"]
[PlyCount "90"]
[EventDate "2021.03.31"]
[EventType "swiss"]
[EventCountry "ESP"]
[SourceTitle "playchess.com"]
[Source "ChessBase"]
[SourceQuality "1"]

{[%evp 12,90,19,12,28,32,44,29,39,-22,-22,-79,-65,-62,-63,-77,-68,-78,-72,-158,-170,-150,-144,-199,-184,-181,-175,-146,-109,-172,-143,-147,-140,-215,-237,-434,-422,-362,-234,-240,-256,-248,-248,-246,-218,-273,-252,-254,-250,-323,-321,-323,-313,-356,-356,-470,-460,-444,-443,-475,-459,-474,-458,-510,-506,-505,-503,-503,-486,-622,-577,-609,-616,-645,-640,-640,-640,-1145,-1151,-1129,-1107]} 1. g3 e5 2. Bg2 d6 3. c4 f5 4. Nc3 Nf6 5. d3 Be7 6. e3 O-O 7. Nge2 Kh8 {A21: English Opening: 1...e5 2 Nc3.} 8. O-O Qe8 9. f4 c6 {[#] White has an edge.} 10. d4 $146 (10. b4 $14) ({Predecessor:} 10. b3 Be6 11. e4 fxe4 12. dxe4 exf4 13. Nxf4 Bg4 14. Qd2 Na6 15. h3 Bd7 16. Ba3 {1-0 (44) Turner,M (2536)-Wall,T (2253) Telford 2018}) 10... e4 $11 11. b4 (11. d5 $11 {keeps the balance.}) 11... d5 12. cxd5 cxd5 13. Qb3 Be6 14. Bd2 Qh5 15. Rac1 (15. Rfe1 $142) 15... Nbd7 $17 {[%cal Bb8d7,Bd7b6,Bb6c4][%mdl 32]} 16. Rfe1 Nb6 17. Nd1 (17. Na4 $17) 17... Nc4 $19 18. Rc2 Rfc8 $36 {[%mdl 2048] Black is in control.} ({Don't do} 18... Nxd2 19. Rxd2 Rfc8 20. Nec3 $17) 19. Nb2 Rc7 20. Bf1 (20. Nxc4 $17 dxc4 21. Qb2) 20... Rac8 21. Nxc4 dxc4 22. Qa4 (22. Qb2 $17) 22... Nd5 ({Much less strong is} 22... Ng4 23. h3) 23. Rb1 $2 {[#]} (23. Rec1 {is a better defense.}) 23... c3 24. Bc1 Qe8 25. Qxe8+ Rxe8 26. a3 Rec8 27. Kf2 Nb6 28. d5 Nxd5 ({Don't take} 28... Bxd5 29. Nd4 $17) 29. Nd4 Bd7 30. Bb5 g6 31. Bxd7 Rxd7 32. Bd2 {and the idea Rbc1 leaves White hopeful.} Bf6 33. Nb5 a6 {Black is clearly winning.} 34. Nd4 Rdd8 35. Bc1 Bxd4 36. exd4 b5 37. Rb3 Rc4 38. Be3 Kg7 39. Ke2 Kf7 40. Bf2 e3 41. Be1 Rxd4 42. Rbxc3 Nxc3+ 43. Rxc3 Rc4 44. Rxc4 bxc4 45. Kxe3 Rd3+ {[%mdl 64] Double Attack.  Weighted Error Value: White=0.43/Black=0.08} 0-1

[Event "V Open Semana Santa Alicante 2021"]
[Site "Alicante"]
[Date "2021.04.01"]
[Round "2.5"]
[White "Cuenca Jimenez, Jose Fernando"]
[Black "Gomez Sanjuan, Hector Fernando"]
[Result "1-0"]
[WhiteElo "2506"]
[BlackElo "2118"]
[Annotator "TA"]
[PlyCount "87"]
[EventDate "2021.03.31"]
[EventType "swiss"]
[EventCountry "ESP"]
[SourceTitle "playchess.com"]
[Source "ChessBase"]
[SourceQuality "1"]

{[%evp 21,87,43,41,32,49,49,56,36,85,75,77,77,68,62,97,86,97,52,61,22,27,26,63,56,54,64,70,65,63,14,17,15,29,9,22,31,17,17,30,8,7,9,9,4,8,5,14,8,8,8,8,8,8,13,37,19,19,25,31,10,35,49,70,35,170,165,29986,29987]} 1. c4 c5 2. Nf3 Nc6 3. d4 cxd4 4. Nxd4 g6 5. e4 Bg7 6. Be3 d6 7. Nc3 Nf6 8. Be2 O-O 9. O-O Bd7 10. h3 Nxd4 11. Bxd4 Bc6 12. Qc2 {B38: Sicilian: Maroczy Bind with 5...Bg7 and 7...0-0.} Qa5 13. a3 Rfc8 14. b4 {White is slightly better.} Qd8 15. Rad1 Qf8 16. f4 b6 {[#]} 17. Qd3 $146 ({Predecessor:} 17. e5 Ne8 18. Bg4 Rd8 19. Qe2 e6 20. Ne4 Qe7 21. Bf3 Rac8 22. Bb2 Bxe4 23. Qxe4 {½-½ (74) Mekhitarian,K (2531)-Barros Rivadeneira,C (2366) Guayaquil 2019}) 17... Bb7 18. Bf3 Ne8 19. e5 Bxf3 20. Rxf3 Rd8 21. Qe2 Nc7 22. exd6 Bxd4+ 23. Rxd4 Rxd6 24. Rxd6 exd6 25. f5 {White wants to play Ne4.} Re8 26. Qd2 Qe7 27. Rd3 Qe1+ 28. Qxe1 Rxe1+ $11 {[%mdl 4096] Endgame KRN-KRN} 29. Kf2 Rc1 30. Ne4 (30. f6 {is interesting.} h5 31. Ke3 Rc2 32. Ne4 Rxc4 33. Nxd6 Rc2 34. g3) 30... Rxc4 31. Nxd6 Rc2+ 32. Kf3 Kg7 33. g4 a5 34. bxa5 bxa5 35. Ne4 gxf5 36. gxf5 Ne8 37. Kf4 Rc4 {[#] ...Nf6 is the strong threat.} 38. Ke5 f6+ 39. Kd5 Rc7 40. Ke6 {Strongly threatening Rd8.} Kf8 (40... Rc4 $5 {[%cal Rc4e4]} 41. Rd7+ Kh6 $14) 41. Rd8 Re7+ 42. Kd5 {Threatens to win with Nxf6.} Re5+ ({Black should try} 42... Kf7 $14) 43. Kd4 $18 {Black must now prevent Nxf6.} Ke7 {[#]} (43... Kg7 $18 44. Rd5 Re7 45. Rxa5 Rd7+ 46. Kc5 Re7) 44. Rxe8+ $1 {[%mdl 512] Weighted Error Value: White=0.08/Black=0.31} 1-0

[Event "V Open Semana Santa Alicante 2021"]
[Site "Alicante"]
[Date "2021.04.01"]
[Round "2.6"]
[White "Revaliente Montoya, Ciro"]
[Black "Movsziszian, Karen"]
[Result "0-1"]
[WhiteElo "2128"]
[BlackElo "2471"]
[Annotator "TA"]
[PlyCount "112"]
[EventDate "2021.03.31"]
[EventType "swiss"]
[EventCountry "ESP"]
[SourceTitle "playchess.com"]
[Source "ChessBase"]
[SourceQuality "1"]

{[%evp 19,112,0,0,-19,-8,-37,-58,-109,-113,-168,-115,-102,-13,-14,-12,-10,-10,-19,-21,-22,-19,-23,-8,-12,0,0,0,-14,-12,-9,-11,-9,-10,-12,-18,-29,-35,-43,-36,-37,-25,-148,-25,-26,-62,-4553,-2595,-2341,-2343,-2012,-1733,-29950,-29953,-29939,-11923,-11923,-11323,-29966,-29967,-29967,-29967,-29972,-29973,-29978,-29974,-29973,-29975,-29971,-29976,-29976,-29977,-29974,0,0,0,0,0,0,0,0,0,-29973,-29980,-29979,-29981,-29981,-29981,-29985,-29984,-29984,-29985,-29986,-29987,-29987,-29988]} 1. e4 c5 2. Nc3 e6 3. Nf3 a6 4. d4 cxd4 5. Nxd4 d6 6. Be2 Nf6 7. O-O Be7 8. Be3 O-O 9. Qd2 Qc7 10. f3 Nc6 11. Rfd1 {B83: Sicilian Scheveningen: 6 Be2, lines without ...a6.} Bd7 {[#]} 12. Nb1 $146 ({Predecessor:} 12. Qe1 Rac8 13. Rd2 Rfd8 14. Rad1 Ne5 15. Qf2 Nc4 16. Bxc4 Qxc4 17. Nb3 Be8 18. a3 {1-0 (28) Hinga,G (2029)-Kagambi,L (1793) Nairobi 2019}) 12... d5 13. exd5 (13. Nc3 $15) 13... Nxd5 $17 14. Bf2 {[#]} (14. Nxc6 $17 Bxc6 15. Nc3) 14... Nxd4 ({Better is} 14... Bd6 $1 $19 15. g3 Nxd4 16. Bxd4 Bxg3) 15. Bxd4 Bc5 ({Black should try} 15... Bd6 $17 16. Nc3 Bxh2+ 17. Kf1 f6 18. Nxd5 exd5) 16. c4 $11 Nf4 {Hoping for ...Bxd4+.} 17. Bxc5 Qxc5+ 18. Kf1 Nxe2 19. Qxe2 Bc6 20. Nc3 Rfd8 21. b3 b5 22. Rac1 Rac8 23. Ne4 Qa3 24. Rxd8+ Rxd8 25. Rd1 Rxd1+ 26. Qxd1 bxc4 27. Qd8+ Qf8 28. Qxf8+ Kxf8 29. bxc4 Bxe4 30. fxe4 $15 {[%mdl 4096] Endgame [#] KP-KP} Ke7 (30... f6 $1 $17) 31. e5 $1 $11 f5 32. h4 $2 {[%mdl 8192]} (32. exf6+ $15 gxf6 33. Ke2) 32... Kd7 $19 33. Ke2 Kc6 34. Kd3 Kc5 35. Kc3 g6 36. Kd3 h6 37. Kc3 g5 38. hxg5 hxg5 39. Kd3 f4 40. a3 a5 41. a4 g4 42. Ke4 f3 43. gxf3 gxf3 ({Not} 43... g3 $2 44. Ke3 $18) 44. Kxf3 Kxc4 {KPP-KPP} 45. Ke4 Kb4 $2 (45... Kc5 {mates} 46. Kd3 Kd5 47. Ke3 Kxe5 48. Kd3 Kf4 49. Ke2 Ke4 50. Kd2 Kf3 51. Kd1 e5 52. Kd2 e4 53. Ke1 Ke3 54. Kd1 Kf2 55. Kc2 e3 56. Kd3 e2 57. Kd4 e1=Q 58. Kc5 Ke3 59. Kd5 Qc3 60. Kd6 Ke4 61. Ke7 Qc6 62. Kf8 Kf5 63. Kg7 Qb7+ 64. Kh6 Qd7 65. Kh5 Qh7#) 46. Kd4 $11 Kxa4 {KPP-KP} (46... Kb3 $5 47. Kc5 $8 Kxa4 $11) 47. Kc5 $1 Kb3 (47... Ka3 $5 48. Kd6 $8 Kb3 49. Kxe6 a4 $11) 48. Kd6 a4 (48... Kb4 {looks sharper.} 49. Kxe6 a4 50. Kf7 a3 51. e6 a2) 49. Kxe6 {KP-KP} a3 {( -> ...a2)} 50. Kf7 $2 {[%mdl 8192]} (50. Kd6 $11) 50... a2 {Black mates.} 51. e6 a1=Q 52. e7 Qf1+ 53. Ke6 Qb5 54. Kf7 Qf5+ 55. Kg7 Qe6 56. Kf8 Qf6+ {Weighted Error Value: White=0.64/Black=0.21} 0-1

[Event "V Open Semana Santa Alicante 2021"]
[Site "Alicante"]
[Date "2021.04.01"]
[Round "2.7"]
[White "Diaz Camallonga, Carles"]
[Black "Ereza Vizcarra, Fernando"]
[Result "1-0"]
[WhiteElo "2469"]
[BlackElo "2103"]
[Annotator "TA"]
[PlyCount "77"]
[EventDate "2021.03.31"]
[EventType "swiss"]
[EventCountry "ESP"]
[SourceTitle "playchess.com"]
[Source "ChessBase"]
[SourceQuality "1"]

{[%evp 19,77,34,44,41,25,25,25,25,21,21,58,56,46,54,66,50,237,239,223,145,216,223,254,179,178,178,179,176,183,178,265,271,257,256,235,180,185,185,230,229,254,253,238,244,282,278,303,294,265,264,308,304,297,297,344,354,474,446,816,795]} 1. e4 d6 2. d4 Nf6 3. Nc3 e5 4. Nf3 Nbd7 5. Bc4 Be7 6. O-O O-O 7. Re1 c6 8. a4 b6 9. h3 a6 10. Ba2 Rb8 11. Be3 {C41: Philidor Defence.} b5 12. axb5 axb5 13. b4 {White has an edge.} Bb7 14. Qd3 exd4 15. Nxd4 {[#]} (15. Bxd4 c5 $11) 15... Ne5 $146 ({Predecessor:} 15... c5 16. bxc5 Nxc5 {½-½ (16) Fedorchuk,S (2601)-Cyborowski,L (2580) Germany 2007}) 16. Qd2 c5 17. Nf5 {Threatens to win with bxc5.} Bxe4 $2 {[#] This move loses the game for Black.} (17... Nxe4 $6 18. Nxe7+ Qxe7 19. Nxe4 $16) ({Black should try} 17... cxb4 $14 18. Nd5 (18. Nxb5 Nxe4 19. Qd1 Qd7 $11) 18... Nxd5 19. Bxd5 Bxd5 20. Qxd5 g6) 18. Nxe7+ $18 Qxe7 19. bxc5 Qb7 (19... Ba8 $16 {was called for.}) 20. Nxe4 Nxe4 21. Qd5 Qxd5 22. Bxd5 Nf6 23. Bb3 Nc4 24. Bf4 {[#] Black must now prevent Bxc4.} Rbd8 (24... Rbe8 $142 25. Rxe8 (25. cxd6 Rxe1+ 26. Rxe1 h6 $18) 25... Rxe8) 25. Bxc4 bxc4 26. Bxd6 ({But not} 26. cxd6 Rfe8 $18) 26... Rfe8 27. Rxe8+ Nxe8 {[%mdl 4096] Endgame KRB-KRN} 28. Bg3 f6 29. Ra4 Kf7 30. Rxc4 Rc8 31. c6 {[%cal Bc5c6,Bc6c7][%mdl 32]} Ke6 32. c7 g5 33. h4 h6 34. Kf1 f5 35. Rc6+ Kd5 36. Rxh6 f4 37. Bh2 ({Stronger than} 37. hxg5 fxg3 38. Rh8 (38. fxg3 Rxc7 39. Ke2 Rxc2+ 40. Kd3 Ra2 $17) 38... Ke6 $11) 37... Rxc7 38. hxg5 Ke4 (38... Ke5 $142 39. Ra6 Kf5 40. Ra5+ Kg6 41. Bxf4 Rc4) 39. Re6+ {[%mdl 64] Double Attack.  Weighted Error Value: White=0.07/Black=0.33} 1-0

[Event "V Open Semana Santa Alicante 2021"]
[Site "Alicante"]
[Date "2021.04.01"]
[Round "2.8"]
[White "Del Amo Carbo, Jordi"]
[Black "Ladron De Guevara Pinto, Paolo"]
[Result "0-1"]
[WhiteElo "2122"]
[BlackElo "2440"]
[Annotator "TA"]
[PlyCount "70"]
[EventDate "2021.03.31"]
[EventType "swiss"]
[EventCountry "ESP"]
[SourceTitle "playchess.com"]
[Source "ChessBase"]
[SourceQuality "1"]

{[%evp 10,70,77,72,93,93,141,62,67,46,67,52,55,-1,5,-61,-2,-89,0,-27,23,2,18,-83,-62,-110,-79,-87,-43,-33,-30,-272,-209,-314,-286,-283,-256,-199,-117,-184,-173,-356,-341,-834,-279,-586,-580,-545,-535,-510,-495,-726,-710,-937,-908,-2090,-520,-462,-377,-350,-310,-29994,-29989]} 1. d4 g6 2. c4 Bg7 3. Nf3 c5 4. d5 d6 5. e4 e5 6. Nc3 h6 {[#] A44: Semi-Benoni.} 7. Bd3 $146 ({Predecessor:} 7. h4 Nf6 8. Be2 Nbd7 9. a3 a6 10. b4 O-O 11. Bd2 Nh5 12. Ng1 Nf4 13. Bf1 Nf6 14. bxc5 dxc5 {0-1 (34) Hodzic,N (2215)-Drazic,S (2422) Sarajevo 2016}) 7... f5 8. Qc2 (8. g3 $16) 8... Ne7 $14 {White is slightly better.} 9. Bd2 O-O 10. Ng1 Nd7 11. exf5 (11. f3 $14) 11... gxf5 12. f4 (12. f3 $11) 12... a6 ({Black should play} 12... e4 $15 13. Bf1 a6) 13. Be2 (13. fxe5 $11 Nxe5 14. Nf3) 13... Kh8 ({Better is} 13... e4 $17 14. g4 b5 15. cxb5 axb5 16. Bxb5 Nf6) 14. Nh3 Nf6 15. Nf2 b5 {[%cal Bb7b5,Bb5b4][%mdl 32]} 16. b3 (16. fxe5 $11 {remains equal.} dxe5 17. b3) 16... b4 17. Na4 exf4 {aiming for ...Nfxd5.} 18. Rd1 Ng6 {...Re8 is the strong threat.} 19. O-O Ne4 $36 {[%mdl 2048] Black has the initiative.} 20. Nxe4 (20. Bc1 $11 {and White stays safe.}) 20... fxe4 $19 21. Bh5 (21. Qxe4 {was forced.} Bf5 22. Qf3) 21... Qg5 22. Bxg6 Qxg6 23. Bxf4 Bf5 (23... Bg4 $19 24. Rde1 Rae8) 24. Be3 (24. Qd2 $17 {keeps fighting.}) 24... Be5 {Strongly threatening ...Bg4.} 25. Nxc5 $2 (25. Qd2) 25... dxc5 26. Bxc5 $2 (26. Rde1) 26... Rg8 $2 (26... Qh5 27. h3 Rg8) 27. Kh1 (27. Rde1 {is a better chance.}) 27... Qh5 {[%csl Ge5][%cal Rh5h2] [#]} 28. Bg1 Rg5 29. Rde1 Rag8 30. Qe2 (30. Rxf5 $142 Rxf5 31. Qxe4) 30... Qg6 {[%cal Rg5g2]} 31. Rf2 Bc3 {Threatens to win with ...e3.} 32. Ref1 Bg4 (32... e3 $142 33. g3 exf2 34. Bxf2 Bd3 {[%mdl 64] Skewer}) 33. Qe3 Bf3 34. Rxf3 exf3 35. gxf3 {[#]} (35. g3 $19) 35... Rxd5 {[%csl Gg8][%cal Rg6g2] Weighted Error Value: White=1.15/Black=0.56} 0-1